Shadow of the Colossus - Colossi by picture - Statistics

General Stats
  • This quiz has been taken 97 times
  • The average score is 13 of 16
Answer Stats
Picture Answer % Correct
Phalanx
89%
Valus
89%
Avion
88%
Barba
84%
Gaius
84%
Malus
84%
Quadratus
84%
Dirge
80%
Hydrus
80%
Argus
78%
Celosia
78%
Kuromori
77%
Phaedra
77%
Basaran
75%
Cenobia
75%
Pelagia
69%
No matching quizzes found
Score Distribution
Percent of People with Each Score
Percentile by Number Answered
Your Score History
You have not taken this quiz